Arrecife : lengua castellana : E.G.B. 5, ciclo medio

Gespeichert in:
Bibliographische Detailangaben
1. Verfasser: Carratalá Teruel, Fernando
Weitere Verfasser: Carratalá Figueras, Domingo
Format: Buch
Sprache:Spanisch
Erschienen: Madrid : Bruño, 1982
Katalog:MANES:  Suchergebnis im Bibliothekskatalog
Schulbuchspezifische Eigenschaften:
Schriftenreihe:Mar (Bruño)
Tags: Tag hinzufügen
Keine Tags, Fügen Sie den ersten Tag hinzu!
Hinzugefügt zu:16.08.2005
Geändert in:07.05.2025

MARC

LEADER 00000nam a2200000 a 4500
001 .b1674357
003 ES-BaCBU
005 20250507130150.0
008 050817s1982 sp A || 001 ||spa|c
020 |a 8421605372 
035 |a 8421605372  |9 ES-BaUB001  |a 0891-06160  |9 ES-BaUB035 
040 |a ES-BaCBU  |b cat  |c ES-BaCBU  |d ES-BaUB 
100 1 |a Carratalá Teruel, Fernando  |9 33852 
245 1 0 |a Arrecife :  |b lengua castellana : E.G.B. 5, ciclo medio /  |c Fernando Carratalá Teruel, Domingo Carratalá Figueras 
260 |a Madrid :  |b Bruño,  |c 1982 
300 |a 280 p.:  |b il. col.;  |c 27 cm 
504 |a índex 
546 |a España 
561 |5 es-CRAI  |3 p1 TX EGB 2/5 BRU  |a España. Biblioteca Universitat de Barcelona  |k MANES 
690 0 |a LEN 
691 0 |a PRI 
700 1 |a Carratalá Figueras, Domingo  |9 190 
830 0 |a Mar (Bruño)  |9 33210 
856 |y Registro en Cercabib - CRAI 
942 |2 ddc  |c BK 
999 |c 90366  |d 90366 
999 |c manes:90366  |d 90366